000
00228nam a2200109Ia 4500
008
190216s9999||||xx |||||||||||||| ||und||
100
_a
Thampi P V
245
0
_a
Agni Rathi
260
_b
Dc Books
650
_a
Novel
942
_c
BK
999
_c
26021
_d
26021